Genetics : (Record no. 8491)

MARC details
000 -LEADER
fixed length control field 00789cam a2200193 i 4500
020 ## - INTERNATIONAL STANDARD BOOK NUMBER
ISBN 9781259616020
020 ## - INTERNATIONAL STANDARD BOOK NUMBER
ISBN 1259616029
050 00 - CALL NUMBER
Classification number QH430
Item number .B79
100 1# - AUTHOR
Personal name Brooker, Robert J.
245 10 - TITLE
Title Genetics :
Remainder of title analysis & principles /
Statement of responsibility, etc Robert J. Brooker, University of Minnesota.
250 ## - EDITION
Edition statement Sixth edition.
260 ## - PUBLICATION INFORMATION
Place of publication New York
Name of publisher McGraw- Hill.
Year of publication 2018
300 ## - DESCRIPTION
Number of Pages 1 volume (various pagings) :
Other physical details color illustrations ;
Dimensions 29 cm
500 ## - NOTES
General note Includes index.
505 ## - FORMATTED CONTENTS NOTE
Table of Content Pt. 1. Introduction <br/>Pt. 2. Patterns of inheritance <br/>Pt. 3. Molecular structure and replication of the genetics material<br/>Pt. 4. Molecular Properties of genes<br/>Pt. 5. Genetic technologies<br/>Pt. 6. Genetic analysis of individual and populations
650 #0 - SUBJECTS
Topical Term Genetics.
942 ## - ADDED ENTRY ELEMENTS (KOHA)
Koha item type Books
Holdings
Withdrawn status Lost status Collection code Home library Current library Shelving location Date acquired Full call number Accession Number Koha item type
    Reference Methodist University Library Main Methodist University Library Main General Stacks 09/09/2025 QH430 .B79 9091 Books
    Reference Methodist University Library Main Methodist University Library Main General Stacks 09/09/2025 QH430 .B79 9092 Books
    Reference Methodist University Library Main Methodist University Library Main General Stacks 09/09/2025 QH430 .B79 9099 Books
Copyright © 2026  MUG Library